| 000 | 00837nam a22002531 4500 | ||
|---|---|---|---|
| 001 | 17770 | ||
| 003 | BD-RjUL | ||
| 005 | 20211209000206.0 | ||
| 008 | 140217r1969 njua 001 0 eng | ||
| 035 | _a(BD-RjUL)17828 | ||
| 040 |
_aDLC _cDLC _dDLC _dBD-RjUL _beng |
||
| 041 | _aeng | ||
| 082 | 0 | 0 |
_a793 _bHIC 1969 |
| 100 | 1 |
_aHindman, Darwin Alexander. _954821 |
|
| 245 | 0 | 0 |
_aComplete book of games and stunts / _cDarwin Alexander Hindman, |
| 260 |
_aEnglewood Cliffs, N.J. : _bPrentice-Hall, _cc1956 [Reprinted 1969]. |
||
| 300 |
_a296, 415, xxviii p. : _bill. ; _c22 cm. |
||
| 500 | _a"Published in original form under the titles: Handbook of indoor games and stunts, and Handbook of active games." | ||
| 504 | _aIncludes index. | ||
| 650 | 0 |
_aGames. _954822 |
|
| 942 |
_2ddc _cBK |
||
| 999 |
_c17770 _d17770 |
||